000 01126nam a2200313 i 4500
001 13275
003 KOSZ 005
005 20191203081406.0
008 070608s1970 pl a f f 001 0 pol
015 _aPB 1971/1569
040 _aWA N
_cWA N
_dKOSZ 005/RW
080 _a62-5:517
100 1 _aKudrewicz, Jacek
_d(1933- )
_eAutor
245 1 0 _aCzęstotliwościowe metody w teorii nieliniowych układów dynamicznych /
_cJacek Kudrewicz.
260 _aWarszawa :
_bWydawnictwa Naukowo-Techniczne,
_c1970.
300 _a303 strony :
_bilustracje, errata ;
_c25 cm.
336 _aTekst
_btxt
_2rdacontent
337 _aBez urządzenia posredniczącego
_bn
_2rdamedia
338 _aWolumin
_bnc
_2rdacarrier
380 _aKsiążki.
504 _aBibliografia przy rozdziałach. Indeks.
658 _aMatematyka
650 4 _aDrgania
650 4 _aUkład dynamiczny
650 4 _aAnaliza matematyczna
710 2 _aWydawnictwa Naukowo-Techniczne
_4pbl.
856 _uhttp://koha.tu.koszalin.pl/cgi-bin/koha/opac-detail.pl?biblionumber=13275
_yKatalog online BPK
942 _2UKD
_cKS
999 _c13275
_d13275